000 01131cab a2200205 4500
001 ##L135151
008 060929n2006 000 0 eng u
035 _a(Sirsi) u135151
041 0 _aeng
100 1 _aPawson, Hal
245 0 0 _aRestructuring England's social housing sector since 1989
_bundermining or underpinning the fundamentals of public housing?
260 _c2006
490 _aHousing Studies
_v21(5) September 2006, 767-783(17)
520 _aEngland's social housing sector has since 1989 undergone far-reaching restructuring. Charts the process of change focusing in particular on developments under the Blair administrations since 1997. Discusses the external pressures experienced by social landlords over this period either from central government policy initiatives or from changing housing market conditions. Analyses the evolving structure of the sector post-1997. Figures. References. ([Taken in from journal abstract].
590 _aIKA031006, KA
650 2 4 _aAffordable housing
_96215
651 4 _aEngland
_y886-
690 _aPROPERTY-RESIDENTIAL PROPERTY-RESIDENTIAL PROPERTY MARKET
942 _n0
999 _c77805
_d77805